Sobranije sočinenij v trioch tomach T. 1 Povesti

Bibliographic Details
Main Author: Ajtmatov, Čingiz, 1928-2008 (Author)
Format: Book
Language:Russian
PhysicalDescription:605, [3] s. 8°
Published: Moskva Molodaja gvardija 1982

MARC

LEADER 00000cam a2200000 a 4500
001 vtls001260702
003 SK-MaSNL
005 20260301234459.0
008 240314s1982 ru 00000 rus
035 |a SNK000211553 
040 |a SNK  |b slo  |c SNK  |e AACR2 
041 0 |a rus 
044 |a ru  |c RU 
100 1 |a Ajtmatov, Čingiz,  |d 1928-2008  |4 aut  |9 250029 
245 1 0 |a Sobranije sočinenij v trioch tomach  |c Čingiz Ajtmatov  |n T. 1  |p Povesti 
260 |a Moskva  |b Molodaja gvardija  |c 1982 
300 |a 605, [3] s.  |c 8° 
958 |a RK 
958 |a OND 
999 |c 970217  |d 972147 
952 |t P60, <04>, [BOOK], {604}  |a SNK  |b SNK  |y VYP  |7 0  |o snkIC 99470/1  |i snkV 1796/85  |0 0  |1 0  |4 0  |d 1996-05-30  |l 0  |r 2005-01-01 00:00:00  |w 2026-02-24